000 00566nam a2200169 4500
001 117263
003 ES-MaACL
005 20251005063108.0
007 t|
008 070301s1911 sp r ||||1| spa d
100 1 _aPaz y Meliá, A.,
_d1842-1927
_989789
245 1 3 _aLa cuestión de las bibliotecas nacionales y la difusión de la cultura /
_cA. Paz y Meliá.
260 _aMadrid :
_b[s. n.],
_c1911 (
_fTip. de la Revista de Archivos, Bibliotecas y Museos)
300 _a159 p. ;
_c21 cm.
852 _aES-MaACL
_jT-1236-F-5
999 _c117263
_d117263